La fiesta: metamorfosis de lo cotidiano
Saved in:
| Hovedforfatter: | |
|---|---|
| Format: | Bog |
| Sprog: | spansk |
| Udgivet: |
Santiago
Universidad Católica de Chile
1995
|
| Serier: | Serie Arte y Sociedad en Chile 1650-1820
|
| Fag: | |
| Tags: |
Tilføj Tag
Ingen Tags, Vær først til at tagge denne postø!
|
MARC
| LEADER | 00000nam a2200000 a 4500 | ||
|---|---|---|---|
| 001 | UCU4530 | ||
| 003 | CL-VaPUC | ||
| 008 | 960524e19950000CL |||||||||||||||||spa|d | ||
| 020 | |a 9561403862 | ||
| 082 | 0 | 4 | |a 390.0983 |b CRU |2 21 |
| 100 | 0 | |a Cruz de Amenábar, Isabel |e author |9 432 | |
| 245 | 1 | 3 | |a La fiesta: metamorfosis de lo cotidiano |
| 300 | |a 335 p | ||
| 942 | |c BK | ||
| 945 | |d 19960524 00:00:00 |a rleighto | ||
| 260 | |a Santiago |b Universidad Católica de Chile |c 1995 | ||
| 650 | 0 | |a Costumbres y tradiciones |9 268292 | |
| 650 | 0 | |a Cultura |9 269059 | |
| 650 | 0 | |a Fiestas religiosas |9 349319 | |
| 650 | 7 | |a PEREGRINACION |2 CL-VaPUC |9 346766 | |
| 650 | 0 | |a Actividades culturales |9 335506 | |
| 650 | 7 | |a FIESTAS |2 CL-VaPUC |9 362126 | |
| 651 | 7 | |a CHILE |2 CL-VaPUC |9 362127 | |
| 583 | |a last modification |c 20180120 22:50:58 |k Rodrigo Vera | ||
| 490 | 0 | |a Serie Arte y Sociedad en Chile 1650-1820 | |
| 999 | |c 248213 |d 248211 | ||
| 952 | |0 0 |1 0 |4 0 |6 390_098300000000000_CRU_1995 |7 0 |8 A |9 264673 |a BIBHIS |b BIBHIS |d 2019-11-19 |i 342992K |l 2 |m 3 |o 390.0983 CRU 1995 |p 342992K |r 2025-01-20 |s 2022-06-29 |w 2019-11-19 |y BK |k HIS | ||
| 952 | |0 0 |1 0 |4 0 |6 390_098300000000000_CRU_1995 |7 0 |8 A |9 264674 |a BIBHIS |b BIBHIS |d 2019-11-19 |i 3610632 |l 1 |o 390.0983 CRU 1995 |p 3610632 |r 2025-01-20 |s 2023-03-31 |w 2019-11-19 |y BK |k HIS | ||
| 952 | |0 0 |1 0 |4 0 |6 390_098300000000000_CRU_1995 |7 0 |8 A |9 264675 |a BIBARQ |b BIBARQ |d 2019-11-19 |i 3730638 |o 390.0983 CRU 1995 |p 3730638 |r 2025-01-20 |w 2019-11-19 |y BK |k ARQ | ||
| 952 | |0 0 |1 0 |4 0 |6 390_098300000000000_CRU_1995 |7 0 |8 X |9 264676 |a FDOMLP |b FDOMLP |d 2019-11-19 |i 3933288 |o 390.0983 CRU 1995 |p 3933288 |r 2019-11-19 |w 2019-11-19 |y BK_X |k BU2 | ||